[Event "Wiesbaden op 26th"]
[Site "Wiesbaden"]
[Date "2014.08.28"]
[Round "1"]
[White "Krastev, Alexander"]
[Black "Brechlin, Olaf"]
[Result "0-1"]
[WhiteElo "1620"]
[BlackElo "2036"]
[PlyCount "122"]
[EventDate "2014.08.28"]
[EventType "swiss"]
[EventRounds "7"]
[EventCountry "GER"]
[SourceTitle "CBM 162 Extra"]
[Source "ChessBase"]
[SourceDate "2014.10.17"]
[SourceVersion "1"]
[SourceVersionDate "2014.10.17"]
[SourceQuality "1"]

1. e4 Nc6 2. d4 e5 3. d5 Nce7 4. Be3 Nf6 5. Nc3 Ng6 6. Nf3 Bb4 7. Bd3 0-0 8. 0-0 d6 9. Ne2 Ng4 10. Bg5 f6 11. Bc1 Bc5 12. h3 Nh6 13. Bxh6 gxh6 14. Qd2 Kg7 15. Ng3 Nf4 16. Nh4 Rg8 17. Nhf5+ Bxf5 18. Nxf5+ Kh8 19. g3 Nxh3+ 20. Kg2 Nf4+ 21. Kf3 Qe8 22. Rh1 Nxd3 23. Qxh6 Qg6 24. cxd3 Qxh6 25. Rxh6 Rg6 26. Rh4 Rd8 27. Rah1 Rd7 28. R4h3 c6 29. Rc1 cxd5 30. exd5 Rg5 31. g4 Rg6 32. a3 a5 33. Rc2 Rg8 34. Rh6 Rf7 35. Rc1 Rg6 36. Rh5 b5 37. Rch1 a4 38. Ng3 Rfg7 39. R5h4 Rf7 40. Rh5 Rfg7 41. R5h4 Bd4 42. Nf5 Rc7 43. Nxd6 Bxb2 44. Nxb5 Rd7 45. Ke4 f5+ 46. Kxf5 Rf7+ 47. Ke4 Rb7 48. d4 Rgb6 49. dxe5 Rxb5 50. Rh6 Bxa3 51. Ra1 Rb4+ 52. Kf5 Bb2 53. Ra2 Kg7 54. Ra6 a3 55. d6 R4b5 56. f4 Kf7 57. Ke4 Rc5 58. d7 Rb4+ 59. Kf5 Ke7 60. Rd6 Rxf4+ 61. Kg5 Rf8 0-1

[Event "Wiesbaden op 25th"]
[Site "Wiesbaden"]
[Date "2013.08.25"]
[Round "7"]
[White "Brechlin, Olaf"]
[Black "Haftmann, Rainer"]
[Result "1-0"]
[WhiteElo "2052"]
[BlackElo "1935"]
[PlyCount "87"]
[EventDate "2013.08.22"]
[EventType "swiss"]
[EventRounds "7"]
[EventCountry "GER"]
[SourceTitle "CBM 156 Extra"]
[Source "ChessBase"]
[SourceDate "2013.10.22"]
[SourceVersion "1"]
[SourceVersionDate "2013.10.22"]
[SourceQuality "1"]

1. Nc3 d5 2. e4 d4 3. Nce2 c5 4. Ng3 Nc6 5. Nf3 Bg4 6. Bc4 e6 7. 0-0 a6 8. d3 Ne5 9. Bf4 Nxc4 10. dxc4 f6 11. e5 fxe5 12. Bxe5 Nf6 13. h3 Bxf3 14. Qxf3 Bd6 15. Bxd6 Qxd6 16. Qxb7 Rb8 17. Qxg7 Rf8 18. b3 Rf7 19. Qg5 Kd7 20. Rae1 Rg8 21. Qe5 Qxe5 22. Rxe5 Kd6 23. Rfe1 Re8 24. Nf5+ exf5 25. Rxe8 Nxe8 26. Rxe8 Rf6 27. f4 Kd7 28. Re5 Kd6 29. Kf2 a5 30. a4 Rf7 31. Kf3 h5 32. Re8 h4 33. Ra8 d3 34. Ra6+ Kc7 35. cxd3 Kb7 36. Rd6 Rg7 37. Rd5 Rg3+ 38. Kf2 Kc6 39. Kg1 Kb6 40. Rxf5 Rxd3 41. Rd5 Rxb3 42. f5 Rc3 43. f6 Rxc4 44. Rf5 1-0

[Event "Wiesbaden op 24th"]
[Site "Wiesbaden"]
[Date "2012.08.25"]
[Round "5"]
[White "Brechlin, Olaf"]
[Black "Rolf, Marco"]
[Result "0-1"]
[WhiteElo "2063"]
[BlackElo "1881"]
[PlyCount "94"]
[EventDate "2012.08.23"]
[EventType "swiss"]
[EventRounds "7"]
[EventCountry "GER"]
[SourceTitle "CBM 150 Extra"]
[Source "ChessBase"]
[SourceDate "2012.10.19"]
[SourceVersion "1"]
[SourceVersionDate "2012.10.19"]
[SourceQuality "1"]

1. Nc3 d5 2. e4 e6 3. e5 c5 4. f4 Nc6 5. Nf3 Nge7 6. Be2 Nf5 7. 0-0 Be7 8. d3 a6 9. a4 Qb6 10. Kh1 Bd7 11. g4 Nfd4 12. Nxd4 Nxd4 13. Bf3 Nxf3 14. Qxf3 Qc7 15. Bd2 0-0-0 16. Qh3 Bc6 17. b3 d4+ 18. Ne4 Bxe4+ 19. dxe4 h6 20. Qg3 Rhf8 21. Rae1 f6 22. exf6 Rxf6 23. e5 Rf7 24. Qd3 Qc6+ 25. Kg1 Rdf8 26. Rf3 h5 27. gxh5 Rf5 28. Rh3 Rh8 29. Qg3 Bf8 30. Qg4 Qe8 31. Re2 Rfxh5 32. Rxh5 Qxh5 33. Qxh5 Rxh5 34. Rg2 Kd7 35. Rg6 b5 36. axb5 axb5 37. Kg2 c4 38. bxc4 bxc4 39. Kg3 Ke7 40. h3 Kf7 41. Rg4 Bc5 42. Kg2 Rh8 43. c3 Ra8 44. cxd4 Bxd4 45. Kf3 c3 46. Be3 c2 47. Rg1 Ra3 0-1

[Event "Wiesbaden op 23rd"]
[Site "Wiesbaden"]
[Date "2011.08.26"]
[Round "2"]
[White "Brechlin, Olaf"]
[Black "Gottschalk, Jens"]
[Result "1/2-1/2"]
[WhiteElo "2050"]
[BlackElo "2268"]
[PlyCount "43"]
[EventDate "2011.08.25"]
[EventType "swiss"]
[EventRounds "7"]
[EventCountry "GER"]
[SourceTitle "CBM 144 Extra"]
[Source "ChessBase"]
[SourceDate "2011.10.28"]
[SourceVersion "1"]
[SourceVersionDate "2011.10.28"]
[SourceQuality "1"]

1. Nc3 c5 2. g3 Nc6 3. Bg2 g6 4. f4 Bg7 5. Nf3 d5 6. d3 e6 7. 0-0 Nge7 8. e4 dxe4 9. dxe4 Qxd1 10. Nxd1 e5 11. c3 b6 12. Ne3 exf4 13. gxf4 Ba6 14. Rd1 Rd8 15. Rxd8+ Kxd8 16. Ng5 Ke8 17. Nd5 h6 18. Nf3 Bd3 19. Ne1 Bc4 20. Nc2 Bd3 21. Ne1 Bc4 22. Nc2 1/2-1/2

[Event "Wiesbaden op 23rd"]
[Site "Wiesbaden"]
[Date "2011.08.26"]
[Round "3"]
[White "Repplinger, Marc"]
[Black "Brechlin, Olaf"]
[Result "1/2-1/2"]
[WhiteElo "2249"]
[BlackElo "2050"]
[PlyCount "38"]
[EventDate "2011.08.25"]
[EventType "swiss"]
[EventRounds "7"]
[EventCountry "GER"]
[SourceTitle "CBM 144 Extra"]
[Source "ChessBase"]
[SourceDate "2011.10.28"]
[SourceVersion "1"]
[SourceVersionDate "2011.10.28"]
[SourceQuality "1"]

1. d4 d5 2. Nf3 Nf6 3. c4 dxc4 4. g3 c6 5. Bg2 Bf5 6. Nbd2 e6 7. 0-0 Be7 8. Nxc4 0-0 9. Qb3 Qc8 10. Bf4 Rd8 11. Rac1 Be4 12. Rfd1 Nbd7 13. Ncd2 Bg6 14. Nh4 Bh5 15. Nhf3 Nd5 16. Ne4 Nxf4 17. gxf4 Qc7 18. e3 Qb6 19. Qc3 Rac8 1/2-1/2

[Event "Oberliga Ost-A 1011"]
[Site "Germany"]
[Date "2010.11.13"]
[Round "2.8"]
[White "Buerckner, Georg"]
[Black "Brechlin, Olaf"]
[Result "1-0"]
[WhiteElo "2014"]
[BlackElo "2056"]
[PlyCount "81"]
[EventDate "2010.10.24"]
[EventType "team-tourn"]
[EventRounds "11"]
[EventCountry "GER"]
[SourceTitle "EXT 2012"]
[Source "ChessBase"]
[SourceDate "2011.11.24"]
[SourceVersion "1"]
[SourceVersionDate "2011.11.24"]
[SourceQuality "1"]
[WhiteTeam "Sangerhausen"]
[BlackTeam "Hoyerswerda"]
[WhiteTeamCountry "GER"]
[BlackTeamCountry "GER"]

1. e4 Nc6 2. d4 e5 3. Nf3 exd4 4. c3 d3 5. Bxd3 Bc5 6. 0-0 d6 7. Bg5 Nge7 8. Qc2 h6 9. Bh4 Bg4 10. Nbd2 Qd7 11. b4 Bb6 12. a4 a5 13. b5 Nd8 14. e5 Ne6 15. exd6 cxd6 16. Nc4 Qc7 17. Bxe7 Kxe7 18. Nfd2 Nc5 19. Bf5 Bxf5 20. Qxf5 Ne6 21. Rfe1 Qc5 22. Qf3 Rab8 23. Rad1 Bc7 24. Ne3 Rhe8 25. Nf5+ Kf8 26. Ne4 Ng5 27. Qg4 Qc4 28. Rd4 Qxc3 29. Red1 Qc2 30. Nxg5 g6 31. Nh7+ Kg8 32. Nf6+ Kf8 33. Nxh6 Re6 34. Nd5 Rbe8 35. h3 Bd8 36. Qf3 f5 37. Ng4 Kg7 38. Nge3 Qc5 39. Nf4 Re4 40. Rxd6 Bc7 41. Rxg6+ 1-0

[Event "Oberliga Ost-A 0809"]
[Site "Germany"]
[Date "2009.03.15"]
[Round "9.7"]
[White "Brechlin, Olaf"]
[Black "Leipert, Matthias"]
[Result "1/2-1/2"]
[WhiteElo "2070"]
[BlackElo "2110"]
[PlyCount "25"]
[EventDate "2008.10.12"]
[EventType "team-tourn"]
[EventRounds "11"]
[EventCountry "GER"]
[SourceTitle "EXT 2010"]
[Source "ChessBase"]
[SourceDate "2010.11.25"]
[SourceVersion "1"]
[SourceVersionDate "2010.11.25"]
[SourceQuality "1"]
[WhiteTeam "Hoyerswerda"]
[BlackTeam "Ebersbach"]
[WhiteTeamCountry "GER"]
[BlackTeamCountry "GER"]

1. Nc3 g6 2. f4 c5 3. e4 Bg7 4. Nf3 Nc6 5. Bc4 a6 6. 0-0 b5 7. Bd5 e6 8. Bxc6 dxc6 9. e5 f5 10. d3 Ne7 11. Be3 Nd5 12. Nxd5 Qxd5 13. c4 1/2-1/2

[Event "Leutersdorf Muench Braeu op 05th"]
[Site "Leutersdorf"]
[Date "2000.02.17"]
[Round "7"]
[White "Brechlin, Olaf"]
[Black "Braun, Gottfried"]
[Result "0-1"]
[WhiteElo "2060"]
[BlackElo "2276"]
[PlyCount "76"]
[EventDate "2000.02.13"]
[EventType "swiss"]
[EventRounds "9"]
[EventCountry "GER"]
[SourceTitle "EXT 2001"]
[Source "ChessBase"]
[SourceDate "2000.11.22"]
[SourceVersion "1"]
[SourceVersionDate "2000.11.22"]
[SourceQuality "1"]

1. Nf3 d6 2. b3 e5 3. Bb2 g6 4. d4 Bg7 5. dxe5 Nc6 6. e3 Nxe5 7. Nxe5 Bxe5 8. Bxe5 dxe5 9. Qxd8+ Kxd8 10. Bc4 Ke7 11. Nc3 c6 12. 0-0-0 Nf6 13. Rd2 b5 14. Be2 b4 15. Na4 Ne4 16. Rhd1 Nxd2 17. Rxd2 Bf5 18. Bf3 e4 19. Be2 Rad8 20. Bc4 Rxd2 21. Kxd2 Rd8+ 22. Ke2 Bg4+ 23. f3 Bf5 24. c3 a5 25. cxb4 axb4 26. Nc5 exf3+ 27. gxf3 Rc8 28. e4 Be6 29. Nxe6 fxe6 30. Bd3 Ra8 31. Bb1 Ra5 32. Kd3 Rc5 33. Kd4 Rc3 34. f4 Kd6 35. e5+ Kc7 36. Bd3 c5+ 37. Ke3 Rc1 38. Be4 Re1+ 0-1